MDQL
is popping MORE tags! Check the
thread
!
Quizzes
Events
Quiz Creation
Community
Videos
Private Events
Remove Ads
Sign In
Join for FREE
Feedback
Dark Mode
Quiz Categories
Sports
Geography
Music
Movies
Television
Just For Fun
Miscellaneous
History
Literature
Language
Science
Gaming
Entertainment
Religion
Holiday
For Kids
Quiz Lab
Recent
Popular Today
Quiz Kudos Today
Editor Picks
Curator Picks
Quizzes by...
Day
Popularity
Type
Ratings
Length
Year
Community
Subscriptions
Recent Discussions
Orange Saloon
Badges
Playlists
Quests
Create
Leaderboards
Showdown
Live 5
Trivia Bingo
Activity
Puzzle Library
Sporcle Events
Private Events
Virtual Trivia
Globe League
Become a Host
Pub Owners
SporcleCon
Opinionation
Our Games
Videos
Blog
Mobile Apps
Partnerships
Remove Ads and Go Orange
Feedback
Music
Pop Music
The Beatles
Song
Album
Lyrics
Bands
Singers
Artist
Clip
Rock
Rap
Classical
Billboard
Country Music
Kpop
Taylor Swift
Music
Pop Music
The Beatles
Song
Album
Lyrics
Bands
Singers
Artist
Clip
Rock
Rap
Classical
Billboard
Country Music
Kpop
Taylor Swift
Random Quiz
Search Sporcle
×
Quiz Lab
Quiz Lab
Music
Lyrics
Type in answers that appear in a list
Type in answers that appear in a list
Classic
Best Score? Go Orange.
Lea Michele Cannonball lyrics Stats
Can you list the lyrics of Lea Michele's 'Cannonball'
By
breezy22
10m
228 Questions
230 Plays
230 Plays
230 Plays
Comments
Comments
Give Quiz Kudos
Give Quiz Kudos
-
- Ratings
hide this ad
Replay
Link that replays current quiz
Next Quiz
Link to next quiz in quiz playlist
You Got
0%
They Got
Avg Score
80%
Avg Friend Score
Upgrade to see
Score Distribution
Jump to the score distribution portion of the page
Score
0/228
Timer
10:00
0
Plays Today
% Correct
the
97.4%
the
97.4%
the
97.4%
the
97.4%
and
97.4%
the
97.4%
And
97.4%
the
97.4%
and
97.4%
a
97.4%
the
97.4%
and
97.4%
the
97.4%
the
97.4%
and
97.4%
and
97.4%
the
97.4%
the
97.4%
and
97.4%
the
97.4%
And
97.4%
the
97.4%
and
97.4%
a
97.4%
the
97.4%
And
97.4%
the
97.4%
and
97.4%
I
94.8%
I
94.8%
I
94.8%
I
94.8%
I
94.8%
I
94.8%
I
94.8%
I
94.8%
I
94.8%
I
94.8%
I
94.8%
I
94.8%
I
94.8%
I
94.8%
I
94.8%
I
94.8%
I
94.8%
I
94.8%
I
94.8%
I
94.8%
I
94.8%
I
94.8%
I
94.8%
I
94.8%
I
94.8%
I
94.8%
I
94.8%
I
94.8%
I
94.8%
I
94.8%
to
89.5%
to
89.5%
cannonball
89.1%
Like a cannonball
89.1%
Like a cannonball
89.1%
I’ll fly like a cannonball
89.1%
cannonball
89.1%
Like a cannonball
89.1%
Like a cannonball
89.1%
I'll fly Like a cannonball
89.1%
I'll fly like a cannonball
89.1%
Like a cannonball
89.1%
Like a cannonball
89.1%
I'll fly like a cannonball
89.1%
I'll fly like a cannonball
89.1%
my
87.8%
my
87.8%
my
87.8%
% Correct
was
84.7%
was
84.7%
was
84.7%
was
84.7%
was
84.7%
was
84.7%
was
84.7%
Break down
84.3%
Break down
84.3%
Break down
84.3%
Break down
84.3%
Break down
84.3%
Break down
84.3%
mind
83.4%
mind
83.4%
in
83%
in
83%
like
82.5%
like
82.5%
losing
82.1%
fly
82.1%
I’ll fly, I’ll fly
82.1%
fly
82.1%
fly
82.1%
I'll fly, I'll fly
82.1%
losing
82.1%
fly
82.1%
I'll fly, I'll fly
82.1%
I'll fly, I'll fly
82.1%
fly
82.1%
go
81.7%
scared
81.2%
scared
81.2%
light
80.8%
light
80.8%
light
80.8%
close
78.6%
of
78.6%
close
78.6%
of
78.6%
close
78.6%
I'll
78.6%
close
78.6%
I'll
78.6%
got
78.2%
got
78.2%
got
78.2%
death
77.7%
death
77.7%
Light it now, light it now, light it now
77.3%
now
77.3%
Light it now, light it now, light it now
77.3%
now
77.3%
now
77.3%
couldn't
76.4%
couldn't
76.4%
will
76%
will
76%
will
76%
will
76%
will
76%
will
76%
end
75.5%
tunnel
75.5%
I gotta get out, gotta get out
75.5%
get
75.5%
Gotta get out, gotta get out
75.5%
get
75.5%
Gotta get out, gotta get out
75.5%
I gotta get out, gotta get out
75.5%
eyes
75.1%
out
75.1%
out
75.1%
today
74.7%
Today
74.7%
today
74.7%
% Correct
today
74.7%
Today
74.7%
today
74.7%
today
74.7%
Today
74.7%
today
74.7%
won't
74.2%
inside
74.2%
inside
74.2%
won't
74.2%
inside
74.2%
inside
74.2%
living
73.8%
living
73.8%
living
73.8%
at
73.4%
start
73.4%
start
73.4%
start
73.4%
But
72.9%
But
72.9%
gotta
72.5%
gotta
72.5%
door
72.1%
it
72.1%
door
72.1%
door
72.1%
all
71.6%
going
71.6%
this
71.6%
this
71.6%
this
71.6%
under
70.7%
hide
70.7%
hide
70.7%
new
70.3%
new
70.3%
new
70.3%
night
69.9%
Lonely
69.9%
fuse
69.9%
Lonely
69.9%
fuse
69.9%
think
69.4%
pacing
67.7%
beginning
67.7%
beginning
67.7%
beginning
67.7%
find
67.2%
found
66.4%
truth
65.9%
pain
65.1%
dark
64.6%
me
64.6%
suffering
63.8%
know
63.8%
chose
63.3%
world
63.3%
again
63.3%
world
63.3%
again
63.3%
let
62.9%
Freedom
62.4%
Freedom
62.4%
fear
62%
quickly
62%
rain
62%
came
61.6%
into
61.6%
into
61.6%
hit
61.1%
then
60.3%
peace
59.8%
falling
46.7%
Like a cannon ball
26.6%
Like a cannon ball
26.6%
Quiz Playlist
Details
Report
Send in Message
Add To Playlist
Classic:
Type in answers that appear in a list
Last Updated: Feb 16, 2017
Quiz Scoreboard
CHALLENGE
Sign Up to Join the Scoreboard
Show All
Scores
Hide
Comments
May contain spoilers
Recently Published
Two Season TV Shows II
by 123Four
Television
10m
Image Sorting: Flags VI
by Barbecue
Geography
2m
Find the 'City' Movie
by crazypaving
Movies
60s
More to Explore
Quiz From the Vault
Featured Blog Post
14 Easter Pick-up Lines to Find Eggs With
hide this ad
You Might Also Like...
Tags
Lyrics Quiz
Lea Michele
Today's Top Quizzes in Music
Browse Music
hide this ad
Today's Top Quizzes in Lyrics
Browse Lyrics
Top Contributed Quizzes in Music
1
5X2 Blitz: Bands II
2
5X2 Blitz: The Beatles
3
Taylor Swift All Songs (2024)
4
5X2 Blitz: Billboard
5
5X2 Blitz: Billboard II
6
5X2 Blitz: Album
7
5X2 Blitz: Singers
8
5X2 Blitz: Rock
9
Music Artist by Three 2010s hits
10
5X2 Blitz: Lyrics
Explore More
Trending Topics
Disney
NBA
Anime
Marvel
Harry Potter
Kpop
Crossword
Pokémon
Soccer
WWE
NFL
Song
Puzzle
Country
The Office
hide this ad
More By:
breezy22
Quiz
Plays
Rating
Category
Featured
Created
Follow That Line: Gossip Girl S1
10,517
5.00
Television
May 1, 2013
Follow That Line: 10 Things I Hate About You
6,785
4.15
Movies
Mar 5, 2013
Follow That Line: Gossip Girl S2
4,150
5.00
Television
Apr 12, 2014
Follow That Line: The Perks of Being a Wallflower
4,091
4.50
Movies
Mar 4, 2013
Follow That Line: Freaks and Geeks Part1
2,806
4.50
Television
Mar 4, 2013
Go to Creator's Profile
Score Distribution
Quiz Creator Spotlight
breezy22
Follow
Send a Message
Quizzes Created
-
Created Quiz Play Count
-
More By This Creator
Popular Quizzes Today
1
Find the US States - No Outlines Minefield
2
Colored Red Africa Blitz
3
Find the 'City' Movie
4
5x2 Blitz: Bands
5
The Countries of the World
6
Find the Countries of Europe - No Outlines Minefield
7
Find the US States
8
US States
More Music Quizzes
Secret Message A-Z: Lyrics!
Editor's Pick
Trending Quizzes
Colored Red Europe Blitz I
Colored Red Africa Blitz II
Colored Red Europe Blitz II
Colored Red Africa Blitz III
Colored Red Europe Blitz III
Recently Updated
How Do You Spell That?
pecheneg
Godzilla Movies
pecheneg
Grab Bag: 4-10 Letters
pecheneg
2024 March Madness Bracket
pecheneg
Famous TV Couples
Peacemaker
Champions League XIs: Real Madrid
pecheneg
Largest US Cities 1790-2010
pecheneg
Rides in Walt Disney World
pecheneg
Most Oscar Losses (Acting)
pecheneg
Beyoncé Albums
pecheneg
Trending Topics
Anime
Harry Potter
Disney
Kpop
NBA
Marvel
Crossword
NFL
The Office
Song
Puzzle
Country
Soccer
WWE
Pokémon
Your Account Isn't Verified!
In order to create a playlist on Sporcle, you need to verify the email address you used during registration. Go to your
Sporcle Settings
to finish the process.
Report this User
Report this user for behavior that violates our
Community Guidelines
.
Details:
Send Report
Go to the Sporcle.com Mobile Site →
Comments